Online
Catalog

Para lo que fue creada Filí-melé / (Record no. 31047)

MARC details
000 -CABECERA
campo de control de longitud fija 00406nam a2200145 a 4500
001 - NÚMERO DE CONTROL
campo de control 000031555
005 - FECHA Y HORA DE LA ÚLTIMA TRANSACCIÓN
campo de control 20200930063019.0
008 - DATOS DE LONGITUD FIJA--INFORMACIÓN GENERAL
campo de control de longitud fija 110627s19uu xxu 000 0 spa d
040 ## - FUENTE DE LA CATALOGACIÓN
Centro catalogador/agencia de origen DO-SdBNP
Lengua de catalogación spa
Centro/agencia transcriptor BNPHU
049 ## - FONDOS LOCALES (OCLC)
Fondos de biblioteca BNPD
100 1# - ENTRADA PRINCIPAL--NOMBRE DE PERSONA
Nombre de persona Carvajal, José
9 (RLIN) 12340
245 10 - MENCIÓN DE TÍTULO
Título Para lo que fue creada Filí-melé /
Mención de responsabilidad, etc. José Carvajal.
260 ## - PUBLICACIÓN, DISTRIBUCIÓN, ETC.
Lugar de publicación, distribución, etc. [New York] :
Nombre del editor, distribuidor, etc. Ediciones Alcance.
300 ## - DESCRIPCIÓN FÍSICA
Extensión v p. ;
Dimensiones 21 cm.
Holdings
Estado de retiro Estado de pérdida Restricciones de uso No para préstamo Código de colección Localización permanente Ubicación/localización actual Ubicación en estantería Fecha de adquisición Número de inventario Total de préstamos Signatura topográfica completa Código de barras Fecha visto por última vez Precio válido a partir de Tipo de ítem Koha
      Excluido de préstamo Monografías: Libros y Folletos Patrimonio Dominicano Patrimonio Dominicano En catalogación 27.06.2011 LF1   31555-10 25.06.2020 25.06.2020 No se presta

Powered by Koha